005410000a220009700045007730045000001000020000452450056000653000049001215000015001705200258001850 tArcadia / Andrés Felipe Solano, Editor1 aOrtiz, Hernán10a"Yo no soy discípulo ni de Gaviria ni de Vallejo" aVol.0, núm.17 (Febrero, 2007), Página 20 aPeriodista aEs autor de Mentirás al prójimo como a ti mismo, que ganó el premio de la Universidad de Antioquia, en 2001. Este ex publicista publica la primera novela de una trilogía que quiere darle la espalda a Medellín para reírse de ella. +Lo logra?